00390nam a2200145Ia 4500003000400000005001700004008004100021040000900062082002000071100001800091245006400109260004700173300000900220650001500229OSt20201230111638.0190216s9999||||xx |||||||||||||| ||und|| coclc a808.0665bDAY/H aDay, Robert A 0aHow To Write And Publish A Scientific Paper /cRobert A Day bVikas Publishing House,aNew Delhi:c1996. a160p aReferences